Sociálne a ekonomické podmienky života študentov vysokých škôl v Európe
Demografické charakteristiky študentskej populácie. Prístup k štúdiu a štrukturálne charakteristiky vzdelávacích programov na vysokej škole. Sociálna selektivita vzdelávacích systémov. Ubytovanie študentov vysokej školy. Financovanie a štátna pomoc pre študentov vysokej školy. Práca popri štúdiu a č...
Guardado en:
| Autor principal: | |
|---|---|
| Formato: | Capítulo de libro |
| Lenguaje: | eslovaco |
| Materias: | |
| Etiquetas: |
Sin Etiquetas, Sea el primero en etiquetar este registro!
|
MARC
| LEADER | 00000naa$a2200000$$$4500 | ||
|---|---|---|---|
| 001 | 0091202 | ||
| 005 | 20231114072729.6 | ||
| 041 | 0 | |a slo | |
| 044 | |a SK | ||
| 245 | 1 | 0 | |a Sociálne a ekonomické podmienky života študentov vysokých škôl v Európe |c Mária Šulanová |
| 520 | |a Demografické charakteristiky študentskej populácie. Prístup k štúdiu a štrukturálne charakteristiky vzdelávacích programov na vysokej škole. Sociálna selektivita vzdelávacích systémov. Ubytovanie študentov vysokej školy. Financovanie a štátna pomoc pre študentov vysokej školy. Práca popri štúdiu a časový manažment. Medzinárodná mobilita študentov vysokej školy. | ||
| 610 | 2 | 0 | |a školy vysoké |
| 610 | 2 | 0 | |a vzdelávanie |
| 610 | 2 | 0 | |a podmienky sociálne |
| 610 | 2 | 0 | |a ubytovanie |
| 610 | 2 | 0 | |a študenti |
| 610 | 2 | 0 | |a financovanie |
| 610 | 2 | 0 | |a pomoc štátna |
| 100 | 1 | |a Šulanová, Mária | |